000 00638nam a22001937a 4500
999 _c167538
_d167538
005 20190906144545.0
010 _aUR-10444
020 _c100.00
_a9789384255213
035 _aU-8999
037 _bDBAD/PUB
_a-
082 _a440.840
100 _aشمس تبر يز خا ن
245 _aز با ن و ا د ب
_cشمس تبر يز خا ن
246 _bZuban-o-Adab (Urdu)
_aby Shams Tabrez Khan
260 _aDelhi
_bDarul Eshaat-e-Mustafai
_c2017 ء
270 _a3191,Gali Vakil,Kucha Pandit,Lal Kuan
_bDelhi
_e110006
_k23216162
_l-
300 _a104ص
_c22 Cm(Hb)
942 _2ddc
_cUR
_h440.840
_mخ ا ن